Coo 'e 'o jaléng' dsea Guiajmí en Chinanteco de Comaltepec, Oax. : (Record no. 202012)

MARC details
000 -CABECERA
campo de control de longitud fija 00679cam a2200217 a 4500
003 - IDENTIFICADOR DEL NÚMERO DE CONTROL
campo de control MX-MxUPN
005 - FECHA Y HORA DE LA ÚLTIMA TRANSACCIÓN
campo de control 20230707121923.0
008 - ELEMENTOS DE LONGITUD FIJA--INFORMACIÓN GENERAL
campo de control de longitud fija 190401s2000 mx gr 000 0 nai d
035 ## - NÚMERO DE CONTROL DEL SISTEMA
Número de control de sistema UPN01000229917
040 ## - FUENTE DE LA CATALOGACIÓN
Centro catalogador/agencia de origen MX-MxUPN
Lengua de catalogación spa
041 ## - CÓDIGO DE IDIOMA
Código de lengua del texto/banda sonora o título independiente nai
050 #4 - SIGNATURA TOPOGRÁFICA DE LA BIBLIOTECA DEL CONGRESO
Número de clasificación ML3570
Número de documento/Ítem C66 1990
245 00 - MENCIÓN DE TÍTULO
Título Coo 'e 'o jaléng' dsea Guiajmí en Chinanteco de Comaltepec, Oax. :
Resto del título Himno nacional mexicano, símbolo de unidad nacional
260 ## - PUBLICACIÓN, DISTRIBUCIÓN, ETC.
Lugar de publicación, distribución, etc. [México] :
Nombre del editor, distribuidor, etc. Instituto Lingüístico de Verano,
Fecha de publicación, distribución, etc. [199?]
300 ## - DESCRIPCIÓN FÍSICA
Extensión [2] páginas
630 04 - ASIENTO SECUNDARIO DE MATERIA - TÍTULO UNIFORME
9 (RLIN) 49560
Título uniforme Himno nacional mexicano
902 ## - ELEMENTOS DE DATOS B LOCAL, LDB (RLIN)
Modificó VíctorGodínez/070723
905 ## - TIPO DE MATERIAL
Tipo de material Folleto
942 ## - ELEMENTOS DE PUNTO DE ACCESO ADICIONAL (KOHA)
Fuente del sistema de clasificación o colocación Library of Congress Classification
Tipo de ítem Koha Folleto
Holdings
Estado de retiro Estado de pérdida Fuente del sistema de clasificación o colocación Estado dañado No para préstamo Código de colección Localización permanente Ubicación/localización actual Ubicación en estantería Fecha de adquisición Clasificación Código de barras Fecha visto por última vez Tipo de ítem Koha
    Library of Congress Classification   Disponible (Préstamo en sala) Folletería Bib. Gregorio Torres Quintero Bib. Gregorio Torres Quintero Colecciones especiales Planta alta 07/07/2023 ML3570 C66 1990 330376 31/12/2020 Folleto